Suomen kaupungit Visa #5 - Statistics

Yleistilastot
  • Tätä visaa on pelattu 5 kertaa
  • Keskiarvotulos 1 / 5
Vastaustilastot
Perustamisvuosi Kaupunki % Oikein
1649 Kristiinankaupunki
80%
2009 Mänttä-Vilppula
40%
1635 Viitasaari
20%
1866 Jämsä
0%
1868 Virrat
0%
Ehtoja vastaavia visoja ei löytynyt
Tulosjakauma
Jokaisen tuloksen saaneiden osuus
Persentiili vastausten määrän mukaan
Tuloshistoriasi
Et ole pelannut tätä visaa